Rugby - Top 10 des meilleurs marqueurs d'essais XV de France - Statistiques

Statistiques générales
  • Ce quiz a été pris 103 fois
  • Le résultat moyen est 5 sur 10
Statistiques - réponses
Rang Nom Dates d'activité Essais inscrits % Correct
Damian Penaud 2017-
100%
1 Serge Blanco 1980-1991 38
86%
3 Vincent Clerc 2002-2013 34
74%
8 Christophe Dominici 1998-2007 25
54%
Aurélien Rougerie 2001-2012
34%
Émile Ntamack 1994-2000
34%
4 Philippe Saint-André 1990-1997 32
31%
5 Philippe Sella 1982-1995 30
28%
6 Philippe Bernat-Salles 1992-2001 26
22%
9 Christian Darrouy 1957-1967 23
6%
Aucun quiz correspondant
Distribution des résultats
% des personnes avec chaque résultat
Percentile par nombre de réponses
Votre historique - résultats
Vous n’avez pas pris ce quiz